00413nam a2200157Ia 450000500170000000800410001702000150005808200130007310000160008624500620010226000350016430000180019965000110021765000140022865000130024220240801030017.0240331s9999 xx 000 0 und d a9280311069 bSANa378 aSanyal, B.C 0aUniversity education and graduate employment in Sri Lanka aColombobMarga Institutec1983 axii, 411 p ., aSocial aEconomics aCultural